000 00559nam a2200205Ia 4500
005 20250923145036.0
008 008 250917s9999 xx 000 0 eng d
037 _aTextual
040 _aDSWL
_beng
_cDSWL
041 _aeng
_2eng
084 _aO111,3
_qDSWL
100 _aChinoy, A.F.J.
_9831187
245 0 _aPootli a story of life in Bombay
_cby A.F.J. Chinoy
260 _aSussex
_bSt. Strand T.Werner Ltd.
300 _aiv,59 p.
365 _aINR
_b5
925 _g5
942 _cTEXL
_hO111,3
999 _c1446362
_d1446362